[Event "Elite Hotels Open 2015"]
[Site "Elite Stadshotellet, Vaxjo"]
[Date "2015.02.15"]
[Round "7.74"]
[White "Torngren, Gustav"]
[Black "Anderson, Bertram"]
[Result "1-0"]
[WhiteElo "1356"]
[BlackElo "1789"]
[EventDate "2015.02.13"]

1.b3 e5 2.Bb2 Nc6 3.g3 Nf6 4.Bg2 d6 5.d3 g6 6.Nd2 Bg7 7.e3 Be6 8.Ne2 Qd7 
9.h4 h5 10.Nf3 Nh7 11.Nd2 Nf6 12.Nf3 Nh7 13.Nd2 O-O-O 14.c3 d5 15.d4 Rhe8 
16.Nf3 exd4 17.Nfxd4 Nxd4 18.cxd4 Bg4 19.Rc1 Bh6 20.Qd2 Qd6 21.Bh3 Nf6 22.
Bxg4+ Nxg4 23.Rc3 Re7 24.Bc1 Nf6 25.Qd3 Ne4 26.Rc2 Qf6 27.Nc3 Qf3 28.Rf1 
Nxg3 29.fxg3 Qxg3+ 30.Ke2 Qxh4 31.Nd1 Bg7 32.Bb2 Rde8 33.Rc5 c6 34.Qc3 Kb8
35.Qd3 Re4 36.Kd2 Bf8 37.Rc2 Bh6 38.Rxf7 Rxe3 39.Nxe3 Qg3 40.Rc3 h4 41.Qe2
h3 42.Rf3 Qh4 43.Qh2+ Ka8 44.Qxh3 Bxe3+ 45.Rcxe3 1-0

[Event "Elite Hotels Open 2015"]
[Site "Elite Stadshotellet, Vaxjo"]
[Date "2015.02.15"]
[Round "7.75"]
[White "Johansson, Sven"]
[Black "Olsson, Magnus"]
[Result "1/2-1/2"]
[WhiteElo "1770"]
[BlackElo "1697"]
[EventDate "2015.02.13"]

1.e4 d5 2.exd5 Qxd5 3.Nc3 Qa5 4.d4 Nf6 5.Bd2 c6 6.Bd3 Bg4 7.f3 Bh5 8.Nh3 
e6 9.a3 Bd6 10.Nb5 Qd8 11.Nxd6+ Qxd6 12.c3 Nbd7 13.Bf4 Qe7 14.Qe2 Nb6 15.
Qe5 Bg6 16.Bxg6 hxg6 17.Bg5 Nc4 18.Qe2 Nb6 19.Qe5 Nc4 20.Qe2 Nb6 21.Qe5 
1/2-1/2

[Event "Elite Hotels Open 2015"]
[Site "Elite Stadshotellet, Vaxjo"]
[Date "2015.02.15"]
[Round "7.77"]
[White "Karlsson, Bengt-Ake"]
[Black "Svensson, Bengt 1957"]
[Result "1/2-1/2"]
[WhiteElo "1566"]
[BlackElo "1903"]
[EventDate "2015.02.13"]

1.Nf3 d5 2.g3 Nf6 3.Bg2 Bf5 4.O-O e6 5.d3 Be7 6.Nbd2 O-O 7.Re1 h6 8.c4 c6 
9.b3 a5 10.a3 Na6 11.Bb2 Qb6 12.Rc1 Rfd8 13.cxd5 exd5 14.Nf1 d4 15.Ne5 c5 
16.Qc2 Qc7 17.Nf3 Rac8 18.N3d2 b5 19.Ne4 Nxe4 20.dxe4 Bh7 21.Bh3 Rb8 22.
Red1 Qe5 1/2-1/2

[Event "Elite Hotels Open 2015"]
[Site "Elite Stadshotellet, Vaxjo"]
[Date "2015.02.15"]
[Round "7.78"]
[White "Sorensen, Hampus"]
[Black "Hansen, Anders"]
[Result "1-0"]
[WhiteElo "1847"]
[BlackElo "1706"]
[EventDate "2015.02.13"]

1.d4 Nf6 2.Nf3 e6 3.e3 c5 4.c4 cxd4 5.exd4 Qc7 6.Be2 Nc6 7.O-O b6 8.Be3 
Bb7 9.Nc3 a6 10.a3 Ng4 11.h3 h5 12.Re1 Nxe3 13.fxe3 f5 14.Bd3 Qg3 15.Ne2 
Qg6 16.Kh1 Qh6 17.Neg1 g5 18.d5 Ne7 19.e4 Bg7 20.exf5 exd5 21.cxd5 Bxd5 
22.Bxa6 Bxf3 23.Nxf3 Qf6 24.Bb5 Qxf5 25.Qd6 Bf8 26.Nd4 Qc5 27.Bxd7+ 1-0

[Event "Elite Hotels Open 2015"]
[Site "Elite Stadshotellet, Vaxjo"]
[Date "2015.02.15"]
[Round "7.80"]
[White "Karlsson, Henrik 1974"]
[Black "Valle, Lorenzo"]
[Result "0-1"]
[WhiteElo "1727"]
[BlackElo "1585"]
[EventDate "2015.02.13"]

1.e4 d6 2.d4 Nf6 3.Nc3 g6 4.f4 Bg7 5.Nf3 O-O 6.Be2 c5 7.dxc5 Qa5 8.O-O 
Qxc5+ 9.Kh1 b5 10.Nd5 Nxd5 11.Qxd5 Qxd5 12.exd5 Bb7 13.Bxb5 Bxd5 14.c3 Rc8
15.Be3 a6 16.Bd3 Nd7 17.f5 Bc4 18.Bxc4 Rxc4 19.fxg6 hxg6 20.Rae1 Ne5 21.
Nxe5 Bxe5 22.Bd2 Rcc8 23.Bf4 Bf6 24.Re4 d5 25.Rb4 Rc6 26.Rd1 Rd8 27.a4 e5 
28.Be3 d4 29.cxd4 exd4 30.Bf4 d3 31.Kg1 Rc2 32.b3 Bd4+ 33.Kf1 Rf2+ 34.Ke1 
Re8+ 0-1

[Event "Elite Hotels Open 2015"]
[Site "Elite Stadshotellet, Vaxjo"]
[Date "2015.02.15"]
[Round "7.81"]
[White "Kasselstrand, Erik"]
[Black "Lundstrom, Johanna"]
[Result "1/2-1/2"]
[WhiteElo "1685"]
[BlackElo "1708"]
[EventDate "2015.02.13"]

1.e4 d6 2.d4 Nf6 3.Nc3 g6 4.f4 Bg7 5.Nf3 O-O 6.Bd3 Bg4 7.h3 Bxf3 8.Qxf3 c6
9.O-O e5 10.fxe5 dxe5 11.d5 cxd5 12.Nxd5 Nxd5 13.exd5 Qd6 14.Kh1 Nd7 15.
Bc4 a6 16.Be3 Rac8 17.Bb3 Nc5 18.Bxc5 Rxc5 19.Rad1 b5 20.Rd2 f5 21.c3 a5 
22.a3 Bh6 23.Rdd1 e4 24.Qe2 Re8 25.Rd4 Bg5 26.Ba2 Bf6 27.Rdd1 a4 28.Qe3 
Bd8 29.Qf4 Bc7 30.Qxd6 Bxd6 31.Rfe1 g5 32.Rd4 e3 33.Rd3 f4 34.Re2 Rf8 35.
Kg1 Rc7 36.Rd4 Re7 37.c4 Rc8 38.b4 axb3 39.Bxb3 bxc4 40.Rxc4 Rxc4 41.Bxc4 
Rc7 42.Rc2 Ra7 43.Ra2 Rxa3 44.Rxa3 Bxa3 45.d6+ Kg7 46.d7 Be7 47.Bb5 Kf6 
48.Kf1 h5 49.Ke2 Bd8 50.Bc6 g4 51.hxg4 hxg4 52.g3 fxg3 53.Kxe3 Ke5 1/2-1/2

[Event "Elite Hotels Open 2015"]
[Site "Elite Stadshotellet, Vaxjo"]
[Date "2015.02.15"]
[Round "7.82"]
[White "Jansson, Bert"]
[Black "Ohlsson, Mikael"]
[Result "1-0"]
[WhiteElo "1539"]
[BlackElo "1832"]
[EventDate "2015.02.13"]

1.c4 Nf6 2.Nc3 g6 3.d4 d5 4.Nf3 Bg7 5.e3 O-O 6.Be2 c6 7.Bd2 Re8 8.cxd5 
Nxd5 9.e4 Nb6 10.Be3 N8d7 11.O-O Nf6 12.Qc2 Ng4 13.h3 Nxe3 14.fxe3 Bh6 15.
Nd1 Qd6 16.Ne5 f6 17.Ng4 Bg7 18.Nc3 h5 19.Nh2 e5 20.Nf3 Bh6 21.Nd1 Be6 22.
b3 Bf7 23.Bd3 Rad8 24.Kh1 Kg7 25.Qf2 f5 26.Bc2 exd4 27.Nxd4 Bxe3 28.Nxf5+ 
gxf5 29.Nxe3 Qe5 30.Nxf5+ Kh8 31.Rad1 Bg6 32.Rxd8 Rxd8 33.Nh6 Nc8 34.Nf7+ 
Bxf7 35.Qxf7 Nd6 36.Qf6+ Qxf6 37.Rxf6 Kg7 38.Rf2 Re8 39.Re2 Nb5 40.Re1 Nc3
41.a4 Kf6 42.Re3 Nd5 43.Rf3+ 1-0

[Event "Elite Hotels Open 2015"]
[Site "Elite Stadshotellet, Vaxjo"]
[Date "2015.02.15"]
[Round "7.83"]
[White "Mellbin, Bo-Goran"]
[Black "Fransson, Pia"]
[Result "1-0"]
[WhiteElo "1664"]
[BlackElo "1510"]
[EventDate "2015.02.13"]

1.d4 Nf6 2.c4 g6 3.Nc3 Bg7 4.e4 d6 5.Be2 O-O 6.Nf3 c5 7.d5 e6 8.Bg5 h6 9.
Bh4 exd5 10.cxd5 Re8 11.Qc2 Qa5 12.O-O a6 13.h3 Nh5 14.Nd2 Nf4 15.Rfe1 
Nxe2+ 16.Rxe2 b5 17.Bg3 Qd8 18.Rae1 b4 19.Nd1 a5 20.f4 a4 21.Kh2 Nd7 22.
Nc4 Nb6 23.Nde3 Ba6 24.b3 axb3 25.axb3 Bxc4 26.Nxc4 Nxc4 27.Qxc4 Ra1 28.e5
Rxe1 29.Rxe1 Qa5 30.Re2 Qc7 31.exd6 Qd7 32.Rxe8+ Qxe8 33.Qxc5 Qe4 34.d7 
Bf6 35.Qc8+ Kg7 36.d8=Q Bxd8 37.Qxd8 Qc2 38.d6 Qxb3 39.f5 h5 40.Bh4 Qe3 
41.Qf6+ Kg8 42.d7 Qf4+ 43.Bg3 1-0

[Event "Elite Hotels Open 2015"]
[Site "Elite Stadshotellet, Vaxjo"]
[Date "2015.02.15"]
[Round "7.84"]
[White "Jonsson, Jacob"]
[Black "Ekberg, Karl"]
[Result "1-0"]
[WhiteElo "1431"]
[BlackElo "1573"]
[EventDate "2015.02.13"]

1.d4 Nf6 2.c4 g6 3.Nc3 Bg7 4.b3 O-O 5.Bb2 d6 6.e4 Nbd7 7.Nf3 c6 8.Be2 Qc7 
9.O-O e5 10.Nd2 Nh5 11.Bf3 Nf4 12.Qc2 f5 13.a4 Nb8 14.Na2 a5 15.Nc1 Na6 
16.Bc3 b6 17.Ne2 Nxe2+ 18.Bxe2 f4 19.Nf3 Bf6 20.h3 h5 21.h4 Qe7 22.g3 g5 
23.hxg5 Bxg5 24.Kg2 h4 25.gxh4 Bxh4 26.Rh1 Qg7+ 27.Kf1 Bxf2 28.Bd3 Bg3 29.
Qg2 Kf7 30.Rh5 Ke8 31.Rg5 Qh7 32.Ke2 Rh8 33.Be1 Bxe1 34.Rxe1 Kd8 35.Rg7 
Qh5 36.Rh1 1-0

[Event "Elite Hotels Open 2015"]
[Site "Elite Stadshotellet, Vaxjo"]
[Date "2015.02.15"]
[Round "7.86"]
[White "Johansson, Henrik"]
[Black "Orci, Istvan"]
[Result "1-0"]
[WhiteElo "1638"]
[BlackElo "1603"]
[EventDate "2015.02.13"]

1.d4 Nf6 2.Nf3 e6 3.e3 b6 4.Bd3 Bb7 5.Nbd2 d5 6.b3 Nbd7 7.Bb2 Be7 8.O-O 
O-O 9.Ne5 c5 10.f4 Ne4 11.Rf3 cxd4 12.exd4 f5 13.Rh3 Nxe5 14.fxe5 Qe8 15.
Nxe4 fxe4 16.Be2 g6 17.Qd2 Qf7 18.Qh6 Qg7 19.Qxg7+ Kxg7 20.Bg4 Bc8 21.Rc3 
Bb4 22.Rc7+ Rf7 23.Rxf7+ Kxf7 24.Rf1+ Ke8 25.Be2 Bd7 26.c3 Bf8 27.Rf4 g5 
28.Bh5+ 1-0

[Event "Elite Hotels Open 2015"]
[Site "Elite Stadshotellet, Vaxjo"]
[Date "2015.02.15"]
[Round "8.1"]
[White "Meier, Georg"]
[Black "Blomqvist, Erik"]
[Result "1-0"]
[WhiteElo "2641"]
[BlackElo "2521"]

1.d4 d5 2.c4 c6 3.Nf3 Nf6 4.e3 Bg4 5.Qb3 Qb6 6.Nc3 e6 7.Nh4 Bh5 8.h3 g5 9.
Nf3 h6 10.Qc2 Bg6 11.Bd3 Bxd3 12.Qxd3 Nbd7 13.Bd2 Bb4 14.O-O Bxc3 15.Bxc3 
Ne4 16.Nd2 Nxd2 17.Qxd2 dxc4 18.d5 e5 19.Rad1 Rg8 20.Qe2 Qc5 21.dxc6 Qxc6 
22.Rd2 O-O-O 23.Rfd1 Nf6 24.Bxe5 Rxd2 25.Qxd2 Ne4 26.Qd4 b6 27.f3 f6 28.
Bh2 Nc5 29.Qxc4 Rd8 30.Qg4+ Rd7 31.Bg3 Kb7 32.Rxd7+ Nxd7 33.Qf5 a5 34.h4 
Nc5 35.b3 Ka6 36.Kh2 Kb5 37.Qg6 Kb4 38.Qxh6 gxh4 39.Bxh4 Nd7 40.e4 Ka3 41.
Qd2 Nc5 42.Bg3 Na6 43.e5 Nb4 44.Qd6 fxe5 45.Bxe5 Kxa2 46.Qd2+ Kxb3 47.Qe3+
Ka2 48.g4 a4 49.g5 a3 50.Kg3 b5 51.Qe4 Qxe4 52.fxe4 Nc6 53.Bf6 Kb1 54.g6 
a2 55.g7 Ne7 56.Bxe7 a1=Q 57.g8=Q Qe5+ 58.Kf3 Qxe7 59.Qb3+ Ka1 60.Qxb5 
Qf6+ 61.Ke2 Qf4 62.Qa4+ Kb2 63.Qd4+ Kb3 64.Qe3+ 1-0

[Event "Elite Hotels Open 2015"]
[Site "Elite Stadshotellet, Vaxjo"]
[Date "2015.02.15"]
[Round "8.2"]
[White "Solodovnichenko, Yuri"]
[Black "Hillarp Persson, Tiger"]
[Result "1-0"]
[WhiteElo "2577"]
[BlackElo "2552"]

1.e4 g6 2.d4 Bg7 3.Nc3 d6 4.Nf3 a6 5.Be2 b5 6.O-O Bb7 7.e5 b4 8.Na4 e6 9.
a3 bxa3 10.Rxa3 Ne7 11.Bf4 O-O 12.Qc1 Nf5 13.Rd1 h5 14.h3 Nd7 15.g4 hxg4 
16.hxg4 Ne7 17.c4 dxe5 18.dxe5 Qe8 19.Qe3 Bxf3 20.Bxf3 Rb8 21.b3 Qc8 22.
Ra2 g5 23.Bxg5 Ng6 24.Be4 Ndxe5 25.Qh3 c6 26.f4 f5 27.fxe5 fxe4 28.Rh2 
Nxe5 29.Qh7+ Kf7 30.Qh5+ Kg8 31.Qh7+ Kf7 32.Qxe4 Rxb3 33.Rf1+ Ke8 34.Bf4 
Qd7 35.Rd2 Rxf4 36.Qxf4 Rg3+ 37.Kh1 Rxg4 38.Qxg4 1-0

[Event "Elite Hotels Open 2015"]
[Site "Elite Stadshotellet, Vaxjo"]
[Date "2015.02.15"]
[Round "8.3"]
[White "Smith, Axel"]
[Black "Hedman, Erik"]
[Result "1/2-1/2"]
[WhiteElo "2488"]
[BlackElo "2376"]

1.Nf3 c5 2.c4 Nc6 3.g3 g6 4.Bg2 Bg7 5.Nc3 e6 6.d4 cxd4 7.Nb5 d5 8.cxd5 
exd5 9.O-O Nge7 10.Nbxd4 O-O 11.Be3 Re8 12.Re1 Nf5 13.Nxf5 Bxf5 14.Nd4 Bg4
15.Qd2 Nxd4 16.Bxd4 Bxd4 17.Qxd4 Bxe2 18.Qxd5 Qxd5 19.Bxd5 Ba6 20.b4 Rxe1+
21.Rxe1 Rd8 22.Bb3 Rd7 23.f4 b6 24.Rd1 Rxd1+ 25.Bxd1 f6 26.Kf2 Kf7 27.Bb3+
Ke7 28.Bc2 Bc4 29.a3 Bf7 30.Ke3 Kd6 31.h4 h6 32.Kd4 g5 33.fxg5 fxg5 34.
hxg5 hxg5 35.Bd3 Be6 36.Bg6 Bd5 37.Be8 Bg2 38.Ba4 Bd5 39.Bc2 Bf7 40.Bf5 
Bd5 41.Be4 Bf7 42.Bb7 Bg8 43.Ba8 Bf7 44.Be4 Bg8 45.Bf5 Bd5 46.Bg6 Bb3 47.
Be4 Bf7 48.Bh1 Be6 49.Ba8 Bf7 50.Bh1 Be6 51.Ba8 Bf7 52.Bh1 1/2-1/2

[Event "Elite Hotels Open 2015"]
[Site "Elite Stadshotellet, Vaxjo"]
[Date "2015.02.15"]
[Round "8.4"]
[White "Akesson, Ralf"]
[Black "Arman, Deniz"]
[Result "1-0"]
[WhiteElo "2451"]
[BlackElo "2276"]

1.Nf3 Nf6 2.c4 c5 3.Nc3 Nc6 4.d4 cxd4 5.Nxd4 g6 6.e4 d6 7.Be2 Bg7 8.Be3 
O-O 9.O-O Nxd4 10.Bxd4 Be6 11.Qd2 Qa5 12.Rfd1 Rfc8 13.b3 Nd7 14.Nd5 Qd8 
15.Bxg7 Kxg7 16.Nf4 Nf6 17.e5 dxe5 18.Nxe6+ fxe6 19.Qe3 Qc7 20.Bf3 a5 21.
Re1 a4 22.b4 a3 23.Rac1 Ra4 24.Qb3 Ra7 25.c5 Kf7 26.b5 Qb8 27.h3 b6 28.
cxb6 Rxc1 29.Rxc1 Rd7 30.Bc6 Rd2 31.b7 e4 32.Qxa3 g5 33.Qg3 e5 34.a4 Rd3 
35.Qxg5 e3 36.fxe3 Rd8 37.Rf1 Qd6 38.Qf5 Rg8 39.a5 1-0

[Event "Elite Hotels Open 2015"]
[Site "Elite Stadshotellet, Vaxjo"]
[Date "2015.02.15"]
[Round "8.5"]
[White "Dragicevic, Drazen"]
[Black "Westerberg, Jonathan"]
[Result "1-0"]
[WhiteElo "2248"]
[BlackElo "2430"]

1.Nf3 d5 2.g3 Nf6 3.Bg2 Bf5 4.O-O e6 5.b3 Be7 6.Bb2 h6 7.c4 O-O 8.d3 Bh7 
9.Nbd2 c6 10.a3 a5 11.Qc2 Nbd7 12.Rfd1 b5 13.Nd4 Rc8 14.cxd5 cxd5 15.Nc6 
Bc5 16.Nxd8 Bxf2+ 17.Kxf2 Ng4+ 18.Kg1 Rxc2 19.Nxe6 fxe6 20.Bd4 Ngf6 21.Bh3
Bf5 22.Bxf5 exf5 23.Kf1 Re8 24.Rac1 Rec8 25.Rxc2 Rxc2 26.Nb1 b4 27.axb4 
axb4 28.Nd2 Ne8 29.Nf3 Nb8 30.Ra1 Nc6 31.Ke1 g6 32.Kd1 Nxd4 33.Nxd4 Rc7 
34.Ra4 Nf6 35.Rxb4 Ng4 36.Nf3 Ne3+ 37.Kd2 Nf1+ 38.Ke1 Ne3 39.Rb6 Kg7 40.
Re6 Nc2+ 41.Kd2 g5 42.Rd6 f4 43.gxf4 gxf4 44.Ne5 Nd4 45.Rxd5 Nxb3+ 46.Ke1 
Rc1+ 47.Kf2 Rc2 48.Nf3 Nc1 49.Ng1 Na2 50.Kf3 Nc3 51.Rd4 Rc1 52.Rc4 Rxg1 
53.Rxc3 Rf1+ 54.Kg2 Re1 55.Kf2 Rh1 56.Rc4 Rxh2+ 57.Kf3 Kf6 58.Rxf4+ Ke5 
59.Re4+ Kd5 60.Kg3 Rh1 61.Rh4 Rg1+ 62.Kf2 Rg6 63.e3 Rf6+ 64.Ke2 Ke5 65.
Rh5+ Ke6 66.e4 Kf7 67.Ke3 Kg6 68.Rh1 Ra6 69.d4 Ra8 70.Rg1+ Kf6 71.e5+ Kf7 
72.Rf1+ Ke7 73.Ke4 h5 74.Rh1 Rh8 75.Ra1 Rh6 76.Ra7+ Kd8 77.Ra8+ Kc7 78.d5 
h4 79.d6+ Kc6 80.Ra6+ Kb7 81.d7 Rh8 82.Rh6 Ra8 83.Rxh4 Kc7 84.Rh7 Ra1 85.
Kf5 Kd8 86.e6 Rf1+ 87.Ke4 Re1+ 88.Kd5 Rd1+ 89.Kc4 Kc7 90.Rh8 Rc1+ 91.Kb3 
Rb1+ 92.Kc2 Kb6 1-0

[Event "Elite Hotels Open 2015"]
[Site "Elite Stadshotellet, Vaxjo"]
[Date "2015.02.15"]
[Round "8.6"]
[White "Livner, Anders"]
[Black "Johansson, Linus"]
[Result "1/2-1/2"]
[WhiteElo "2343"]
[BlackElo "2394"]

1.d4 e6 2.c4 Nf6 3.Nc3 c5 4.d5 exd5 5.cxd5 d6 6.e4 g6 7.Nge2 Bg7 8.Ng3 a6 
9.a4 h5 10.Be2 h4 11.Nf1 Nh5 12.g4 hxg3 13.hxg3 Nf6 14.Rxh8+ Bxh8 15.Nd2 
Nbd7 16.Nc4 Nb6 17.Ne3 Kf8 18.Kf1 Qe7 19.Qc2 Bh3+ 20.Kg1 Re8 21.Bf3 Nbd7 
22.Bd2 Ne5 23.Be2 Nfg4 24.Ncd1 Nf6 25.Bc3 Kg8 26.a5 Bc8 27.Nf1 Bg4 28.Bxg4
Nfxg4 29.Kg2 Nf6 30.f3 Nh5 31.Nf2 Qd7 32.Ne3 Qb5 33.Qa4 Ra8 34.Qc2 Bg7 35.
Ra4 Re8 36.f4 Nd7 37.Bxg7 Nxg7 38.Nc4 Nf6 39.Nxd6 Nxd5 40.exd5 Re2 41.Nxb5
Rxc2 42.Nd6 Rxb2 43.Nc4 Rc2 44.d6 Kf8 45.Nb6 Rd2 46.d7 Ke7 47.Ra1 Ne6 48.
Rd1 Ra2 49.Nd5+ Kd8 50.Ne3 Nd4 51.Rb1 Nb5 52.Rd1 Nd4 53.Rb1 Nb5 54.Nc4 
Kxd7 55.Kf1 Ke6 56.Re1+ Kd5 57.Nb6+ Kc6 58.Nc4 Kd5 59.Nb6+ Kc6 60.Nc4 
1/2-1/2

[Event "Elite Hotels Open 2015"]
[Site "Elite Stadshotellet, Vaxjo"]
[Date "2015.02.15"]
[Round "8.7"]
[White "Semcesen, Daniel"]
[Black "Henriksson, Johan"]
[Result "1-0"]
[WhiteElo "2466"]
[BlackElo "2241"]

1.d4 c6 2.c4 d5 3.Nf3 Nf6 4.Qb3 g6 5.Nc3 Bg7 6.Bg5 dxc4 7.Qxc4 b5 8.Qb3 
Be6 9.Qc2 Qa5 10.a3 Bf5 11.Qb3 Be6 12.Qc2 Bf5 13.Qc1 O-O 14.e3 c5 15.Be2 
c4 16.O-O Nbd7 17.Rd1 h6 18.Bh4 Rac8 19.h3 g5 20.Bg3 Ne4 21.Bh2 e6 22.Nxe4
Bxe4 23.h4 gxh4 24.Nxh4 Qd8 25.Nf3 a5 26.Qd2 Qb6 27.Rac1 Bd5 28.Ne5 Nxe5 
29.dxe5 Rfd8 30.Qe1 a4 31.Rd4 Bb7 32.Rg4 Kf8 33.Bf4 Be4 34.Bxh6 Bxh6 35.
Rxe4 Ke7 36.Qc3 Rd5 37.Rd1 Rcd8 38.Red4 Qc5 39.Bf3 R5d7 40.Be4 Bg7 41.f4 
Bh6 42.Kf1 Bf8 43.Qd2 Rxd4 44.exd4 Qb6 45.d5 exd5 46.Bxd5 Qc5 47.f5 Bh6 
48.f6+ 1-0

[Event "Elite Hotels Open 2015"]
[Site "Elite Stadshotellet, Vaxjo"]
[Date "2015.02.15"]
[Round "8.8"]
[White "Vaarala, Eric"]
[Black "Berg, Emanuel"]
[Result "0-1"]
[WhiteElo "2304"]
[BlackElo "2543"]

1.d4 Nf6 2.c4 g6 3.Nc3 Bg7 4.e4 d6 5.f3 O-O 6.Nge2 c5 7.Be3 Nc6 8.d5 Ne5 
9.Ng3 h5 10.Be2 h4 11.Nf1 e6 12.Qd2 exd5 13.cxd5 a6 14.a4 Bd7 15.Bg5 h3 
16.gxh3 b5 17.f4 Nc4 18.Bxc4 bxc4 19.Ne3 Re8 20.O-O Qb8 21.Bxf6 Bxf6 22.e5
dxe5 23.Ne4 Qd8 24.f5 Bg5 25.Nxg5 Qxg5+ 26.Kh1 Rab8 27.Rae1 Rb3 28.fxg6 f5
29.Nxc4 f4 30.Nd6 Reb8 31.Nf7 Qh4 32.Nxe5 Rxb2 33.Qxf4 Qxf4 34.Rxf4 Bxh3 
35.Nc6 Re2 36.Rff1 Rbb2 37.Rxe2 Rxe2 38.Rd1 c4 39.Nd4 Ra2 40.Kg1 Rg2+ 41.
Kf1 c3 42.Nf3 Rb2+ 43.Ke1 Bg4 44.Rc1 Bxf3 45.Rxc3 Bxd5 46.h4 Rh2 47.Rc5 
Bf3 48.Rf5 Be4 49.Rf6 Rxh4 50.Rxa6 Kg7 51.Kd2 Rh3 52.Re6 Bxg6 53.Re3 Rh5 
54.Kc3 Rh4 55.Kb3 Bf7+ 56.Ka3 Kf6 57.a5 Be6 58.a6 Ke7 59.a7 Rh8 60.Kb4 Ra8
61.Ra3 Kd8 62.Kc5 Kc7 63.Ra1 Bd7 64.Ra6 Bc8 65.Ra3 Bb7 66.Ra1 Rh8 67.Ra3 
Ba8 68.Ra1 Rh5+ 69.Kd4 Kb6 70.Ra2 Rh8 71.Ra1 Bb7 72.Ke5 Ba6 73.Kd6 Kxa7 
74.Kc7 Rc8+ 75.Kd7 Rc3 76.Rb1 Bd3 77.Rb2 Ka6 78.Kd6 Bb5 79.Kd5 Kb6 80.Kd4 
Rd3+ 81.Ke4 Rd8 82.Rh2 Kc5 83.Rh5+ Kc4 84.Re5 Bc6+ 85.Ke3 Rf8 86.Re7 Rf3+ 
87.Ke2 Kd4 88.Re6 Bd5 89.Re8 Rf6 90.Rd8 Rf5 91.Rd7 Rg5 92.Re7 Rg2+ 93.Kf1 
Rb2 94.Re1 Be4 95.Kg1 Ke5 96.Rf1 Rg2+ 97.Kh1 Kd4 98.Rg1 Ra2+ 0-1

[Event "Elite Hotels Open 2015"]
[Site "Elite Stadshotellet, Vaxjo"]
[Date "2015.02.15"]
[Round "8.9"]
[White "Olofsson-Dolk, Mattis"]
[Black "Brynell, Stellan"]
[Result "0-1"]
[WhiteElo "2228"]
[BlackElo "2452"]

1.e4 e6 2.d4 d5 3.Nc3 Nf6 4.e5 Nfd7 5.f4 c5 6.Nf3 Nc6 7.Be3 cxd4 8.Nxd4 
Bc5 9.Qd2 O-O 10.O-O-O a6 11.Qf2 Qe7 12.Bd3 f6 13.exf6 Nxf6 14.Nxc6 Bxe3+ 
15.Qxe3 bxc6 16.Na4 Qb4 17.Nc5 e5 18.fxe5 Ng4 19.Qh3 g6 20.e6 Qf4+ 21.Kb1 
Nf2 22.Qg3 Qxg3 23.hxg3 a5 24.a4 Re8 25.Rhe1 Nxd1 26.Rxd1 Bxe6 27.Be2 Bf5 
28.Bf3 h5 29.b3 Be4 30.Kb2 Bxf3 31.gxf3 Re3 32.Rd3 Rxd3 33.Nxd3 g5 34.Ne5 
h4 35.gxh4 gxh4 36.Ng4 Kf7 37.Kc3 c5 38.Kd3 Re8 0-1

[Event "Elite Hotels Open 2015"]
[Site "Elite Stadshotellet, Vaxjo"]
[Date "2015.02.15"]
[Round "8.10"]
[White "Ottenklev, Niklas"]
[Black "Lindberg, Bengt"]
[Result "1/2-1/2"]
[WhiteElo "2115"]
[BlackElo "2385"]

1.e4 c5 2.Nc3 g6 3.f4 Bg7 4.Nf3 Nc6 5.Bb5 Nd4 6.Bd3 d6 7.Nxd4 cxd4 8.Ne2 
Nh6 9.O-O f5 10.Ng3 O-O 11.Qe1 e6 12.c3 Bd7 13.b3 Qb6 14.Kh1 Rae8 15.Ba3 
dxc3 16.dxc3 Qc7 17.Rc1 Rf7 18.Qd2 Bc6 19.Bc4 Bf8 20.Rcd1 Rd7 21.exf5 Nxf5
22.Nxf5 gxf5 23.Qe3 Rg7 24.Rf2 Be4 25.Be2 d5 26.Bxf8 Rxf8 27.Bf3 b5 28.
Bxe4 fxe4 29.g3 Rgf7 30.Rc2 Rc8 31.Qd4 Qc5 32.Qe5 Qb6 33.Rdd2 Rc6 34.Qg5+ 
Kf8 35.Qe5 Qc7 36.Qh8+ Ke7 37.Qd4 Qb6 38.Qe5 Rd6 39.c4 bxc4 40.bxc4 e3 41.
c5 exd2 42.cxd6+ Kd7 43.Rxd2 Qxd6 44.Qd4 Qb6 45.Qa4+ Kd8 46.Kg2 Rc7 47.Qa3
Qc5 48.Qd3 Rd7 49.Re2 d4 50.Rxe6 Qd5+ 51.Qe4 Qxa2+ 52.Kh3 Qd5 53.Re8+ Kc7 
54.Qc2+ Kb7 55.Qb2+ Kc6 56.Rc8+ Kd6 57.Qb4+ Ke6 58.Re8+ Kf6 59.Qf8+ Qf7 
60.Qh6+ Qg6 61.Qf8+ Qf7 62.Qh6+ Qg6 63.Qf8+ 1/2-1/2

[Event "Elite Hotels Open 2015"]
[Site "Elite Stadshotellet, Vaxjo"]
[Date "2015.02.15"]
[Round "8.11"]
[White "Ernst, Thomas"]
[Black "Lekander, Rolf"]
[Result "1-0"]
[WhiteElo "2369"]
[BlackElo "2231"]

1.e4 c5 2.Nf3 e6 3.d4 cxd4 4.Nxd4 a6 5.Bd3 Nf6 6.O-O d6 7.c4 Qc7 8.Nc3 
Nbd7 9.Be3 b6 10.Rc1 Bb7 11.f3 Be7 12.b3 Rc8 13.Qe2 O-O 14.Qf2 Qb8 15.Kh1 
Rfe8 16.Rfd1 Bd8 17.Bb1 Ba8 18.Re1 Ne5 19.Qg3 Ng6 20.Qf2 Ne5 21.Qd2 Ned7 
22.Bg1 Be7 23.Bd3 h6 24.Bf1 Ne5 25.Rc2 Nfd7 26.Na4 Nc6 27.Rec1 Nxd4 28.
Qxd4 Bc6 29.Nxb6 Nxb6 30.Qxb6 1-0

[Event "Elite Hotels Open 2015"]
[Site "Elite Stadshotellet, Vaxjo"]
[Date "2015.02.15"]
[Round "8.12"]
[White "Sjodahl, Pontus"]
[Black "Gillefalk, Bjorn"]
[Result "1-0"]
[WhiteElo "2428"]
[BlackElo "2090"]

1.d4 Nf6 2.c4 e6 3.Nc3 Bb4 4.e3 O-O 5.Ne2 d5 6.a3 Bd6 7.Ng3 c6 8.Bd3 e5 9.
dxe5 Bxe5 10.cxd5 cxd5 11.Nce2 Nc6 12.O-O Re8 13.h3 Bd7 14.Rb1 g6 15.b4 h5
16.Re1 h4 17.Nf1 Ne4 18.f4 Bg7 19.Bb2 Bxb2 20.Rxb2 Qf6 21.Qc1 Rac8 22.Rc2 
a6 23.Rd1 Bf5 24.Bxe4 Bxe4 25.Rc5 Ne7 26.Nh2 Rxc5 27.Ng4 Rxc1 28.Nxf6+ Kh8
29.Rxc1 Rc8 30.Rxc8+ Nxc8 31.Nc3 Nb6 32.Kf2 Nc4 33.a4 Nb2 34.Nfxe4 dxe4 
35.Nxe4 Nxa4 36.Nd6 b6 37.Nxf7+ Kg7 38.Ne5 Nc3 39.Nc6 Kf6 40.Kf3 Ke6 41.e4
Kd6 42.Ne5 Na2 43.Nd3 b5 44.Ke3 1-0

[Event "Elite Hotels Open 2015"]
[Site "Elite Stadshotellet, Vaxjo"]
[Date "2015.02.15"]
[Round "8.13"]
[White "Schneider, Stefan"]
[Black "Rahul Kumar, Pune"]
[Result "1-0"]
[WhiteElo "2387"]
[BlackElo "2148"]

1.d4 d6 2.Nf3 g6 3.e4 Bg7 4.Bd3 Nc6 5.c3 e5 6.O-O Bg4 7.d5 Nce7 8.h3 Bd7 
9.c4 Nf6 10.c5 O-O 11.cxd6 cxd6 12.Nc3 Nh5 13.Re1 a6 14.a4 h6 15.Ra3 Be8 
16.Rb3 Rb8 17.Be3 Bd7 18.Bf1 Qe8 19.Rb6 Nc8 20.Rb4 a5 21.Rc4 f5 22.exf5 
gxf5 23.Nb5 f4 24.Bd2 b6 25.Bd3 Rb7 26.Qc2 Qd8 27.Rc1 Bxb5 28.axb5 Ne7 29.
Nh4 Nf6 30.Ng6 Nxg6 31.Bxg6 Nd7 32.Rc8 Qf6 33.Rxf8+ Bxf8 34.Qc6 Ra7 35.Bh5
Qd8 36.Qc8 Qxc8 37.Rxc8 Nf6 38.Bg4 Kg7 39.Be6 Rb7 40.f3 Be7 41.Kf2 Kg6 42.
Ke2 Kh5 43.Be1 Kg6 44.Kd3 Kh5 45.Bf2 Kg6 46.Rc6 Bd8 47.Rxd6 Bc7 48.Rc6 Kg7
49.d6 Bb8 50.Bxb6 a4 51.Rc7+ Bxc7 52.dxc7 Rxb6 53.c8=Q 1-0

[Event "Elite Hotels Open 2015"]
[Site "Elite Stadshotellet, Vaxjo"]
[Date "2015.02.15"]
[Round "8.14"]
[White "Horbing, Stefan"]
[Black "Kockum, Anton Frisk"]
[Result "0-1"]
[WhiteElo "2080"]
[BlackElo "2375"]

1.Nf3 f5 2.d3 Nc6 3.e4 e5 4.Nc3 Nf6 5.exf5 d5 6.d4 exd4 7.Nxd4 Nxd4 8.Qxd4
Bxf5 9.Bg5 Be7 10.O-O-O c6 11.Bd3 Bxd3 12.Rxd3 O-O 13.Re1 Rf7 14.Rf3 Qd7 
15.Kb1 b5 16.Qd3 Raf8 17.Qf5 Qxf5 18.Rxf5 Bb4 19.Bxf6 Rxf6 20.Rxf6 Rxf6 
21.f3 Kf7 22.Re3 Bd6 23.Ne2 Bxh2 24.Ra3 Re6 0-1

[Event "Elite Hotels Open 2015"]
[Site "Elite Stadshotellet, Vaxjo"]
[Date "2015.02.15"]
[Round "8.15"]
[White "Bakr, Jwan"]
[Black "Agrest, Inna"]
[Result "0-1"]
[WhiteElo "2343"]
[BlackElo "2174"]

1.d4 Nf6 2.Bg5 c5 3.d5 Qb6 4.Nc3 d6 5.e4 Nbd7 6.Rb1 a6 7.Nf3 g6 8.Be2 Bg7 
9.h3 Qa5 10.Bd2 Qc7 11.a4 O-O 12.Qc1 Re8 13.Bh6 Bh8 14.O-O b5 15.axb5 axb5
16.Bxb5 Ba6 17.Re1 Reb8 18.Ra1 Bxb5 19.Rxa8 Rxa8 20.Nxb5 Qa5 21.c4 Qa2 22.
e5 dxe5 23.Nxe5 Nxe5 24.Rxe5 Ng4 25.Rxe7 Bxb2 26.Qd2 Qb1+ 27.Re1 Ra1 28.
hxg4 Qxe1+ 29.Qxe1 Rxe1+ 30.Kh2 Re4 31.Kg3 Rxc4 32.d6 Bf6 33.Be3 Rb4 34.g5
Be5+ 35.f4 Bxf4+ 36.Bxf4 Rxb5 37.Kf3 Kf8 38.Ke4 Ke8 39.Kd5 Kd7 0-1

[Event "Elite Hotels Open 2015"]
[Site "Elite Stadshotellet, Vaxjo"]
[Date "2015.02.15"]
[Round "8.16"]
[White "Gromark, Per-Olof"]
[Black "Lindgren, Philip"]
[Result "0-1"]
[WhiteElo "2056"]
[BlackElo "2340"]

1.Nf3 d5 2.c4 d4 3.e3 Nc6 4.exd4 Nxd4 5.Nxd4 Qxd4 6.Nc3 c6 7.d3 g6 8.Be3 
Qd8 9.Be2 Bg7 10.Qd2 h5 11.O-O Nh6 12.d4 Nf5 13.Rad1 O-O 14.d5 Nxe3 15.
Qxe3 Qb6 16.Qxb6 axb6 17.Bf3 Bg4 18.Bxg4 hxg4 19.dxc6 bxc6 20.Rd7 e6 21.
Rb7 Rfb8 22.Rxb8+ Rxb8 23.Rd1 Be5 24.Rd3 Ra8 25.a3 Kg7 26.g3 f5 27.Kg2 Kf6
28.h3 gxh3+ 29.Kxh3 c5 30.Kg2 Bd4 31.f4 g5 32.fxg5+ Kxg5 33.Nd1 Ra4 34.b4 
e5 35.Rb3 e4 36.Nc3 Bxc3 37.Rxc3 cxb4 38.axb4 Rxb4 39.c5 bxc5 40.Rxc5 Kg4 
41.Rc3 Rb2+ 42.Kg1 Rd2 0-1

[Event "Elite Hotels Open 2015"]
[Site "Elite Stadshotellet, Vaxjo"]
[Date "2015.02.15"]
[Round "8.17"]
[White "Ornstein, Axel"]
[Black "Eriksson, Kristian"]
[Result "0-1"]
[WhiteElo "2330"]
[BlackElo "2153"]

1.d4 Nf6 2.Nf3 e6 3.Bg5 c5 4.e3 b6 5.Bd3 Bb7 6.O-O Be7 7.c4 O-O 8.Nc3 cxd4
9.exd4 d5 10.Bxf6 Bxf6 11.cxd5 exd5 12.Rc1 Nc6 13.Bb1 Re8 14.Qd3 g6 15.a3 
Rc8 16.Rfe1 Qd7 17.h4 Ne7 18.Ne5 Bxe5 19.Rxe5 Nf5 20.Rxe8+ Qxe8 21.h5 Rc4 
22.Qf1 Nxd4 23.Rd1 Rxc3 24.bxc3 Ne2+ 25.Kh1 Qe5 26.Rd3 Ba6 0-1